书目信息 |
| 题名: |
遗传·性别·健康
|
|
| 作者: | 李书祯 编 | |
| 分册: | ||
| 出版信息: | 北京 北京师范大学出版社 1984 |
|
| 页数: | 160页 | |
| 开本: | 19cm | |
| 丛书名: | ||
| 单 册: | ||
| 中图分类: | R363.1 | |
| 科图分类: | ||
| 主题词: | 病理学 | |
| 电子资源: | ||
| ISBN: | ||
| 000 | 00502nam0 2200193 45 | |
| 001 | 0181013180 | |
| 005 | 20060511154728.35 | |
| 010 | @dCNY0.60 | |
| 091 | @a13243.42 | |
| 100 | @a20810111d1984 km y0chiy0120 ea | |
| 101 | 0 | @achi |
| 200 | 1 | @a遗传·性别·健康@Ayi chuan xing bie jian kang@f李书祯编@Fli shu zhen |
| 210 | @a北京@c北京师范大学出版社@d1984 | |
| 215 | @a160页@c图表@d19cm | |
| 606 | 0 | @a病理学 |
| 690 | @aR363.1 | |
| 701 | 0 | @a李书祯@4编 |
| 801 | @aCN@bTSTC@c20060511 | |
| 905 | @dR363.1@e18 | |
| 遗传·性别·健康/李书祯编.-北京:北京师范大学出版社,1984 |
| 160页:图表;19cm |
| ISBN :CNY0.60 |
| ● |
| 相关链接 |
|
|
|
|
正题名:遗传·性别·健康
索取号:R363.1/18
 
预约/预借
| 序号 | 登录号 | 条形码 | 馆藏地/架位号 | 状态 | 备注 |
| 1 | 0124125 | 000710038 | 密集书库/ [索取号:R363.1/18] | 在馆 | |
| 2 | 0124126 | 202324127 | 密集书库/ [索取号:R363.1/18] | 在馆 | |
| 3 | 0124127 | 202170694 | 密集书库/ [索取号:R363.1/18] | 在馆 | |
| 4 | 0248275 | 202324001 | 密集书库/ [索取号:R363.1/18] | 在馆 | |
| 5 | 0248276 | 000709996 | 密集书库/ [索取号:R363.1/18] | 在馆 | |
| 6 | 0248277 | 000710118 | 密集书库/ [索取号:R363.1/18] | 在馆 | |
| 7 | 0248278 | 000709941 | 密集书库/ [索取号:R363.1/18] | 在馆 | |
| 8 | 0248279 | 000709950 | 第二样本阅览室/ [索取号:R363.1/18] | 在馆 | |
| 9 | 0248476 | 000709996 | 密集书库/ [索取号:R363.1/18] | 在馆 | |
| 10 | 0248478 | 000709941 | 密集书库/ [索取号:R363.1/18] | 在馆 | |
| 11 | 0248479 | 000709950 | 第三借阅区/ [索取号:R363.1/18] | 在馆 |